000 00588cam a22001577a 4500
020 _a9251053537 (pbk.)
040 _cMNU
082 0 4 _a636 FOO 2006 A090 Or.
245 1 0 _aCapacity building for surveillance and control of zoonotic diseases :
_bFAO/WHO/OIE Expert and Technical Consultation, Rome, 14-16 June 2005.
260 _aRome :
_bFood and Agriculture Organization of the United Nations,
_c2006.
300 _aviii, 112 p. :
_bill. ;
_c30 cm.
500 _a"TC/M/A0083E/1/09.05/1730"--P. [4] of cover.
650 0 _aZoonoses
650 0 _aPublic health surveillance.
942 _cEK
999 _c15932
_d15932